| 000 | 00389 a2200133 4500 | ||
|---|---|---|---|
| 001 | 91962 | ||
| 082 | _aPR 1734 | ||
| 090 |
_c43909 _d43908 |
||
| 100 | _aAsif Zahoor Khattak; Prof Jahangir Kayani, Advisor | ||
| 245 |
_aDeign and Development of Multi-Vehicle Tracking System (Hardware Part) _n65 "B" EC |
||
| 260 |
_aRawalpindi _bNUST _c2008 |
||
| 300 | _a60p | ||
| 500 | _aBE Project Report | ||
| 942 |
_aCAE NUST _kPR 1734 |
||
| 999 |
_c327035 _d327035 |
||